| 000 | 00509nam a22001697a 4500 | ||
|---|---|---|---|
| 005 | 20241126062529.0 | ||
| 008 | 241126b |||||||| |||| 00| 0 eng d | ||
| 020 | _a0409003735 ; 0409003719 | ||
| 041 | _aEnglish | ||
| 082 | _a349 JOU | ||
| 100 | _lEnglish | ||
| 245 |
_aThe Law of South Africa / _cedited by JA Faris |
||
| 260 |
_aDurban: _bButterworth Publishers (Pty) Ltd, _c2002 |
||
| 300 |
_bx, 1204 pages; _c25 cm. |
||
| 650 |
_aLegal practice _bLaw |
||
| 942 |
_cBK _6ALISON_BN_VRIES |
||
| 999 |
_c3258 _d3258 |
||